<?xml version="1.0" encoding="UTF-8"?>
<record
    xmlns:xsi="http://www.w3.org/2001/XMLSchema-instance"
    xsi:schemaLocation="http://www.loc.gov/MARC21/slim http://www.loc.gov/standards/marcxml/schema/MARC21slim.xsd"
    xmlns="http://www.loc.gov/MARC21/slim">

  <leader>00868nam2a2200253   4500</leader>
  <controlfield tag="001">RU\NLR\bibl\290093</controlfield>
  <controlfield tag="005">20250620142042.0</controlfield>
  <datafield tag="010" ind1=" " ind2=" ">
    <subfield code="a">5-93209-382-&#x425;</subfield>
    <subfield code="9">20000</subfield>
  </datafield>
  <datafield tag="021" ind1=" " ind2=" ">
    <subfield code="a">RU</subfield>
    <subfield code="b">2002-1683</subfield>
    <subfield code="9">86</subfield>
  </datafield>
  <datafield tag="035" ind1=" " ind2=" ">
    <subfield code="a">(NLR Aleph) 000285482</subfield>
  </datafield>
  <datafield tag="090" ind1=" " ind2=" ">
    <subfield code="a">1671112</subfield>
    <subfield code="c">1671112</subfield>
  </datafield>
  <datafield tag="100" ind1=" " ind2=" ">
    <subfield code="a">20020724d2001    |||y0rusy50      ca</subfield>
  </datafield>
  <datafield tag="101" ind1="0" ind2=" ">
    <subfield code="a">rus</subfield>
  </datafield>
  <datafield tag="102" ind1=" " ind2=" ">
    <subfield code="a">RU</subfield>
  </datafield>
  <datafield tag="105" ind1=" " ind2=" ">
    <subfield code="a">a   z   |||||</subfield>
  </datafield>
  <datafield tag="200" ind1="0" ind2=" ">
    <subfield code="a">&#x412;&#x44B;&#x43F;. 2</subfield>
    <subfield code="f">[&#x41B;.&#x421;. &#x422;&#x438;&#x445;&#x43E;&#x43C;&#x438;&#x440;&#x43E;&#x432;&#x430;</subfield>
    <subfield code="g">&#x425;&#x443;&#x434;&#x43E;&#x436;. &#x410;.&#x412;. &#x41C;&#x438;&#x445;&#x435;&#x435;&#x432;&#x430;]</subfield>
  </datafield>
  <datafield tag="210" ind1=" " ind2=" ">
    <subfield code="d">2001.</subfield>
    <subfield code="a">&#x411;. &#x43C;.</subfield>
  </datafield>
  <datafield tag="215" ind1=" " ind2=" ">
    <subfield code="a">16 &#x441;.</subfield>
    <subfield code="c">&#x438;&#x43B;.</subfield>
  </datafield>
  <datafield tag="461" ind1=" " ind2="0">
    <subfield code="1">001RU\NLR\bibl\298328</subfield>
    <subfield code="1">2001#$a&#x423;&#x433;&#x430;&#x434;&#x430;&#x439;. &#x420;&#x430;&#x441;&#x43A;&#x440;&#x430;&#x441;&#x44C;. &#x420;&#x435;&#x448;&#x438;$v&#x412;&#x44B;&#x43F;. 2</subfield>
    <subfield code="9">1719586</subfield>
    <subfield code="c">&#x41C;.</subfield>
    <subfield code="d">2001</subfield>
    <subfield code="n">&#x41E;&#x43C;&#x435;&#x433;&#x430;</subfield>
    <subfield code="o">&#x414;&#x43B;&#x44F; &#x441;&#x430;&#x43C;&#x44B;&#x445; &#x43C;&#x430;&#x43B;&#x435;&#x43D;&#x44C;&#x43A;&#x438;&#x445;</subfield>
    <subfield code="t">&#x423;&#x433;&#x430;&#x434;&#x430;&#x439;. &#x420;&#x430;&#x441;&#x43A;&#x440;&#x430;&#x441;&#x44C;. &#x420;&#x435;&#x448;&#x438;</subfield>
    <subfield code="v">&#x412;&#x44B;&#x43F;. 2</subfield>
  </datafield>
  <datafield tag="801" ind1=" " ind2="0">
    <subfield code="a">RU</subfield>
    <subfield code="b">NLR</subfield>
    <subfield code="c">20020724</subfield>
    <subfield code="g">PSBO</subfield>
  </datafield>
  <datafield tag="801" ind1=" " ind2="1">
    <subfield code="a">RU</subfield>
    <subfield code="b">NLR</subfield>
    <subfield code="c">20020724</subfield>
  </datafield>
  <datafield tag="942" ind1=" " ind2=" ">
    <subfield code="c">BOOK</subfield>
  </datafield>
  <datafield tag="980" ind1=" " ind2=" ">
    <subfield code="a">NB</subfield>
  </datafield>
  <datafield tag="995" ind1=" " ind2=" ">
    <subfield code="5">2002-07-24</subfield>
    <subfield code="a">ad</subfield>
    <subfield code="b">NLR01</subfield>
    <subfield code="c">NLR01</subfield>
    <subfield code="e">RF8</subfield>
    <subfield code="f">305238</subfield>
    <subfield code="k">2002-6/823</subfield>
    <subfield code="o">0</subfield>
    <subfield code="r">BOOK</subfield>
    <subfield code="s">20026823_</subfield>
  </datafield>
</record>
